000 00338nam a22001457a 4500
008 210430b ||||| |||| 00| 0 eng d
020 _a9780199217359
041 _aeng
080 _a32
082 _a32
100 _a19
101 _aSHP
245 _aThe Comparative Study of Electoral Systems
_cHans D. Klingemann
942 _2udc
_cBK
999 _c57061
_d57061